Normal view
MARC view
Entry Personal Name
001 - CONTROL NUMBER
- control field: 12830
003 - CONTROL NUMBER IDENTIFIER
- control field: dpl
005 - DATE AND TIME OF LATEST TRANSACTION
- control field: 20100813152008.0
008 - FIXED-LENGTH DATA ELEMENTS
- fixed length control field: 100813|||a|||||| | ||| d
040 ## - CATALOGING SOURCE
- Original cataloging agency: dpl
- Transcribing agency: dpl
100 ## - HEADING--PERSONAL NAME
- Personal name: Cohen, Oded
670 ## - SOURCE DATA FOUND
- Source citation: Work cat.: (dpl): Lepore, Domenico 12827, Deming and goldratt :, 2007
670 ## - SOURCE DATA FOUND
- Source citation: Work cat.: (dpl): Lepore, Domenico 12827, Deming and goldratt :, 2007
